000 00896aam a2200265 a 4500
999 _c323440
_d323440
003 BLK
005 20240323141419.0
008 180724b bul||||| |||| 00| 0 bul d
020 _a978-954-09-1217-2
040 _aBLK
041 _aBUL
_cBUL
080 _aБългарска литература
_b821.163.2
_z821.163.2-32
100 _aДешев, Димо Иванов
_eпърви автор
_91299
139 _aДешев, Димо Иванов
_bД 47
245 _aЗаписки по българските истории
_bХумористична теория за нашия народ
_cДимо Дешев
260 _bЗахарий Стоянов
_c2018
_aСофия
300 _a144 с.
_c23 см
380 _aX
852 _cП 886.7-32/Д 47
852 _cЦб 291146
_bЦб
942 _cKNG
_2udc
_n0
_013
999 _d323440
999 _d323440
999 _d323440
944 _k30564
_lГалина Якимова